<?xml version="1.0" encoding="UTF-8"?>
<record
    xmlns:xsi="http://www.w3.org/2001/XMLSchema-instance"
    xsi:schemaLocation="http://www.loc.gov/MARC21/slim http://www.loc.gov/standards/marcxml/schema/MARC21slim.xsd"
    xmlns="http://www.loc.gov/MARC21/slim">

  <leader>02454cam a2200469 i 4500</leader>
  <controlfield tag="001">19437265</controlfield>
  <controlfield tag="003">OSt</controlfield>
  <controlfield tag="005">20230923152301.0</controlfield>
  <controlfield tag="008">170111s2017    riua     b    001 0 eng  </controlfield>
  <datafield tag="010" ind1=" " ind2=" ">
    <subfield code="a">  2017001191</subfield>
  </datafield>
  <datafield tag="020" ind1=" " ind2=" ">
    <subfield code="a">9781470435820 (pbk. : acidfree paper)</subfield>
  </datafield>
  <datafield tag="040" ind1=" " ind2=" ">
    <subfield code="a">DLC</subfield>
    <subfield code="b">eng</subfield>
    <subfield code="c">DLC</subfield>
    <subfield code="e">rda</subfield>
    <subfield code="d">DLC</subfield>
  </datafield>
  <datafield tag="042" ind1=" " ind2=" ">
    <subfield code="a">pcc</subfield>
  </datafield>
  <datafield tag="050" ind1="0" ind2="0">
    <subfield code="a">QA567.2.E44</subfield>
    <subfield code="b">S534 2017</subfield>
  </datafield>
  <datafield tag="082" ind1="0" ind2="0">
    <subfield code="a">516.352</subfield>
    <subfield code="b">SHE/M</subfield>
  </datafield>
  <datafield tag="084" ind1=" " ind2=" ">
    <subfield code="a">11-01</subfield>
    <subfield code="a">68-01</subfield>
    <subfield code="a">11Axx</subfield>
    <subfield code="a">14G50</subfield>
    <subfield code="a">11T71</subfield>
    <subfield code="a">68P25</subfield>
    <subfield code="a">11Y05</subfield>
    <subfield code="a">94A60</subfield>
    <subfield code="a">11G05</subfield>
    <subfield code="a">81P68</subfield>
    <subfield code="2">msc</subfield>
  </datafield>
  <datafield tag="100" ind1="1" ind2=" ">
    <subfield code="a">Shemanske, Thomas R.,</subfield>
    <subfield code="d">1952-</subfield>
    <subfield code="9">9585</subfield>
  </datafield>
  <datafield tag="245" ind1="1" ind2="0">
    <subfield code="a">Modern cryptography and elliptic curves :</subfield>
    <subfield code="b">a beginner's guide /</subfield>
    <subfield code="c">Thomas R. Shemanske.</subfield>
  </datafield>
  <datafield tag="264" ind1=" " ind2="1">
    <subfield code="a">Providence, Rhode Island :</subfield>
    <subfield code="b">American Mathematical Society,</subfield>
    <subfield code="c">[2017]</subfield>
  </datafield>
  <datafield tag="300" ind1=" " ind2=" ">
    <subfield code="a">xii, 250 pages :</subfield>
    <subfield code="b">illustrations ;</subfield>
    <subfield code="c">22 cm.</subfield>
  </datafield>
  <datafield tag="336" ind1=" " ind2=" ">
    <subfield code="a">text</subfield>
    <subfield code="b">txt</subfield>
    <subfield code="2">rdacontent</subfield>
  </datafield>
  <datafield tag="337" ind1=" " ind2=" ">
    <subfield code="a">unmediated</subfield>
    <subfield code="b">n</subfield>
    <subfield code="2">rdamedia</subfield>
  </datafield>
  <datafield tag="338" ind1=" " ind2=" ">
    <subfield code="a">volume</subfield>
    <subfield code="b">nc</subfield>
    <subfield code="2">rdacarrier</subfield>
  </datafield>
  <datafield tag="490" ind1="0" ind2=" ">
    <subfield code="a">Student mathematical library ;</subfield>
    <subfield code="v">volume 83</subfield>
  </datafield>
  <datafield tag="504" ind1=" " ind2=" ">
    <subfield code="a">Includes bibliographical references and index.</subfield>
  </datafield>
  <datafield tag="650" ind1=" " ind2="0">
    <subfield code="a">Curves, Elliptic</subfield>
    <subfield code="v">Textbooks.</subfield>
  </datafield>
  <datafield tag="650" ind1=" " ind2="0">
    <subfield code="a">Geometry, Algebraic</subfield>
    <subfield code="v">Textbooks.</subfield>
  </datafield>
  <datafield tag="650" ind1=" " ind2="0">
    <subfield code="a">Cryptography</subfield>
    <subfield code="v">Textbooks.</subfield>
  </datafield>
  <datafield tag="650" ind1=" " ind2="7">
    <subfield code="a">Number theory -- Instructional exposition (textbooks, tutorial papers, etc.).</subfield>
    <subfield code="2">msc</subfield>
  </datafield>
  <datafield tag="650" ind1=" " ind2="7">
    <subfield code="a">Computer science -- Instructional exposition (textbooks, tutorial papers, etc.).</subfield>
    <subfield code="2">msc</subfield>
  </datafield>
  <datafield tag="650" ind1=" " ind2="7">
    <subfield code="a">Number theory -- Elementary number theory -- Elementary number theory.</subfield>
    <subfield code="2">msc</subfield>
  </datafield>
  <datafield tag="650" ind1=" " ind2="7">
    <subfield code="a">Algebraic geometry -- Arithmetic problems. Diophantine geometry -- Applications to coding theory and cryptography.</subfield>
    <subfield code="2">msc</subfield>
  </datafield>
  <datafield tag="650" ind1=" " ind2="7">
    <subfield code="a">Number theory -- Finite fields and commutative rings (number-theoretic aspects) -- Algebraic coding theory; cryptography.</subfield>
    <subfield code="2">msc</subfield>
  </datafield>
  <datafield tag="650" ind1=" " ind2="7">
    <subfield code="a">Computer science -- Theory of data -- Data encryption.</subfield>
    <subfield code="2">msc</subfield>
  </datafield>
  <datafield tag="650" ind1=" " ind2="7">
    <subfield code="a">Number theory -- Computational number theory -- Factorization.</subfield>
    <subfield code="2">msc</subfield>
  </datafield>
  <datafield tag="650" ind1=" " ind2="7">
    <subfield code="a">Information and communication, circuits -- Communication, information -- Cryptography.</subfield>
    <subfield code="2">msc</subfield>
  </datafield>
  <datafield tag="650" ind1=" " ind2="7">
    <subfield code="a">Number theory -- Arithmetic algebraic geometry (Diophantine geometry) -- Elliptic curves over global fields.</subfield>
    <subfield code="2">msc</subfield>
  </datafield>
  <datafield tag="650" ind1=" " ind2="7">
    <subfield code="a">Quantum theory -- Axiomatics, foundations, philosophy -- Quantum computation.</subfield>
    <subfield code="2">msc</subfield>
  </datafield>
  <datafield tag="906" ind1=" " ind2=" ">
    <subfield code="a">7</subfield>
    <subfield code="b">cbc</subfield>
    <subfield code="c">orignew</subfield>
    <subfield code="d">1</subfield>
    <subfield code="e">ecip</subfield>
    <subfield code="f">20</subfield>
    <subfield code="g">y-gencatlg</subfield>
  </datafield>
  <datafield tag="942" ind1=" " ind2=" ">
    <subfield code="2">ddc</subfield>
    <subfield code="c">BK</subfield>
    <subfield code="h">516.352</subfield>
    <subfield code="i">SHE/M</subfield>
    <subfield code="k">516.352</subfield>
    <subfield code="m">SHE/M</subfield>
  </datafield>
  <datafield tag="952" ind1=" " ind2=" ">
    <subfield code="0">0</subfield>
    <subfield code="1">0</subfield>
    <subfield code="2">ddc</subfield>
    <subfield code="4">0</subfield>
    <subfield code="7">0</subfield>
    <subfield code="8">MATHEMATICS</subfield>
    <subfield code="a">MES</subfield>
    <subfield code="b">MES</subfield>
    <subfield code="c">MAT</subfield>
    <subfield code="d">2023-09-23</subfield>
    <subfield code="l">0</subfield>
    <subfield code="o">516.352 SHE/M</subfield>
    <subfield code="p">42608</subfield>
    <subfield code="r">2023-09-23 15:23:32</subfield>
    <subfield code="v">1340.00</subfield>
    <subfield code="w">2023-09-23</subfield>
    <subfield code="y">BK</subfield>
    <subfield code="z">GL25R3</subfield>
  </datafield>
  <datafield tag="999" ind1=" " ind2=" ">
    <subfield code="c">42315</subfield>
    <subfield code="d">42315</subfield>
  </datafield>
</record>
